000 00641nam a22002537a 4500
003 UA-OsUOA
001 26057
007 ta
008 20040512b un ||||| |||| 00| 0 ukr d
100 _aПотапенко О.І.
090 _a39(038)
_bП64
942 _cBK
040 _aUA-OsUOA
_bukr
_cUA-OsUOA
_dUA-OsUOA
245 _aШкільний словник з українознавства
300 _a291 с.
955 _a0
041 _aukr
080 _a39(038)
020 _a5-333-01444-2
260 _aКиїв
_bУкраїнський письменник
_c1995
044 _aUA
650 7 _2UDC
999 _c312368
_d312368